000 nam a22 7a 4500
999 _c9085
_d9085
008 180123b ||||| |||| 00| 0 eng d
100 _95365
_aCBSE
245 _aMATHEMATICS -IX OTBA
260 _aNEW DELHI
_bAVICHAL.PUB
_c2015